00520nam a2200145Ia 4500008004000000082001700040100001200057245006400069260003800133300000800171690002200179906001200201999001900213952014200232210210b1975 xxu||||| |||| 00| 0 eng d a320.531 ENGA aENGELS. aAnti diihring: Herr Eugen Diihring's revolution in science. aMoscowbProgress Publishersc1975 a493 aPolitical Thought aSG02086 c113514d113514 001040708Political ScienceaALbALcPolitical Scienced2021-02-17g0.00l0o320.531 ENGApSG02086r2021-02-17 00:00:00w2021-02-17ySG